000 01277nam a22003977a 4500
001 BR7704243
003 BR-BrBNA
005 20230928085356.0
007 ta
008 230509b bl.||||| |||| 00| 0 por d
040 _aBR-BrBNA
_bpor
_cBiblioteca Nacional de Agricultura
041 _a(Eng, Por)
072 _aH50; F60
_b0230
_b3866
_b/G514
090 _ 0230 BR7704243
100 1 _aSultanum, E.
100 1 _aSilva, M.C.A.
100 1 _aFabel Neto, E.
100 1 _aCavalcante, L.V.
100 1 _aFranca, M.R. de
100 1 _aAraujo, O.B. de
110 1 _aCooperativa dos Produtores de Acucar e Alcool de Pernambuco Ltda., Recife (Brasil);
110 1 _aUniversidade Federal Rural de Pernambuco, Recife (Brasil)
245 1 _aCaracterizacao das deficiencias de Cu, Fe e Mn em cana-de-acucar, atraves da diagnose foliar [Saccharum spp; Cobre; Ferro; Manganes; Deficiencia mineral; Analise foliar; Brasil]
260 3 _aRecife, PE (Brasil):
_c1977.
300 _a32 p.
650 _aNUTRIENTE MINERAL
650 _aCANA DE ACUCAR
650 _aCOBRE
650 _aFERRO
650 _aMANGANES
650 _aDEFICIENCIA MINERAL
650 _aANALISE FOLIAR
650 _aMACROELEMENTO
909 _a202309
_bLucia
_c55
_dLucia Elande
942 _cBK
999 _c24094
_d24094